Riešenie technických problémov obvodov ostáva na súkromných lekároch Zo skúseností praktickej lekárky MUDr. S. Molčíkovej

Bibliographic Details
Main Authors: Kováč, Juraj, 1945- (Author), Molčíková, Soňa, 1975- (Author)
Format: Article
Language:Slovak
Subjects:

MARC

LEADER 00000nab a2200000 a 4500
001 vtls001002330
003 SK-MaSNL
005 20260304223805.0
008 040720e19970304xo 0 slo
035 |a RV2930 
040 |a RVGKPD  |b slo  |c RVGKPD  |e AACR2 
041 0 |a slo 
044 |a xo  |c SK 
080 |a 614.23  |2 1981 
100 1 |a Kováč, Juraj,  |d 1945-  |4 aut  |9 214202 
245 1 0 |a Riešenie technických problémov obvodov ostáva na súkromných lekároch  |b Zo skúseností praktickej lekárky MUDr. S. Molčíkovej 
300 |b 1 foto 
650 0 7 |a lekári súkromní  |2 RVGKPD  |9 902033 
651 7 |a Plešivec (Slovensko)  |2 RVGKPD  |9 29311 
700 1 0 |a Molčíková, Soňa,  |d 1975-  |4 aut  |9 218357 
773 0 8 |t Zora Gemera  |g Roč. 5, č. 9, 4.3.1997, s. 4 
852 |a ZVYKNI  |b KIS3GCP 
999 |c 3169607  |d 3171537